Honduras: evolución económica durante 1993

Uloženo v:
Podrobná bibliografie
Korporativní autor: Naciones Unidas
Médium: Text
Vydáno: México D.F.: CEPAL
Tagy: Přidat tag
Žádné tagy, Buďte první, kdo vytvoří štítek k tomuto záznamu!

MARC

LEADER 00000 a a2200000 04500
001 25188
003
040
090 |a 180100  
110 |a Naciones Unidas  
245 |a Honduras: evolución económica durante 1993  
260 |a México D.F.:   |b CEPAL  
300 |a 42 p.   |b **no definido**  
999 |c 16546  |d 16546